Statistics for Homophones Quiz

Click here to take the quiz!

General Stats

  • This quiz has been taken 32 times
  • The average score is 18 of 20

Answer Stats

WordsThe other word% Correct
BeeBe
100%
ButtBut
100%
SceneSeen
100%
WhereWear
97%
MadeMaid
97%
SeeSea
94%
HareHair
94%
ThymeTime
94%
WitchWhich
94%
WouldWood
94%
BearBare
94%
AteEight
94%
Their, They'reThere
91%
HiHigh
91%
HymnHim
91%
PeakPeek
84%
WhatWatt
84%
IdleIdol
75%
FindFined
72%
Sore, SawSoar
66%

Score Distribution

Percentile by Number Answered

Percent of People with Each Score

Your Score History

You have not taken this quiz